00800cam a22002411 4500001001300000003000400013005001700017008004100034010001700075035002000092040004400112041001300156042001200169043002100181050002300202110003900225245015900264260004400423300001700467610003900484650001800523999001700541pa 58000032 DLC20260227111854.0870529s1958 dcu 000 0 eng c apa 58000032  a(OCoLC)15748454 aPan American Union. LibrarycMWelCdDLC1 aenghspa apremarc an------as------00aKDZ1182b.A18 19582 aInter-American Council of Jurists.00aStatutes.cTranslations of the Spanish text approved by the Council on the Organization of American States on April 18, 1951, and amended on May 28, 1957. aWashington,bPan American Union,c1958. a9 p.c21 cm.20aInter-American Council of Jurists. 0aLawzAmerica. c51366d51366